000 01195nam a2200313 a 4500
003 BLK
005 20250722113512.0
008 210514b bu |||||r|||| 00| | bu d
020 _a9786199212608
040 _aBLK
041 _aBUL
_cBUL
080 _aБългарска литература
_b821.163.2
_x-312.9
_z821.163.2-312.9
100 _aЛуи
_9480562
_d1977-
_qПавлов, Богдан Николаев
139 _aЛуи
245 _aКуцулан IV
_bСекновение
_cЛуи ; ил. Ваня Колева.
257 _aBGR
260 _9453461
_aБургас
_bЛуи
_c2022
_f(Бургас : ЦДМ)
300 _a200 с.
_bс ил.
_c22 см
380 _aX
500 _aЗагл. в изд. каре: Куцулан IV Секновение. - Луи - псевд. на авт. Богдан Николаев Павлов.
700 _9599
_aКолева, Ваня Николаева
_eил.
700 _aПавлов, Богдан Николаев
_gЛуи
_9417251
852 _aЦб 314192
_bЦб
856 _i0.00
_ldisable
942 _cKNG
_n0
_s1
_014
944 _aCR
_c2022-09-09
_k30575
_lМартин Енчев
999 _c472987
_d472987
999 _d472987
999 _d472987